01009nam a22002057a 4500003000800000005001700008008004100025040002600066041000800092092002500100100003400125245026200159260003600421300002300457502015400480504005100634830008800685942001300773999001700786DO-SdUA20250325093547.0 s2024 dr a|| |||| 0 |a||0|spa d aDO-SdUAbspacDO-SdUA0 aspa aMA-EFD 0011 FCE 20241 aPérez Sosa, Franklin Rafael10aEstrategia didáctica para contribuir con la enseñanza del pase de futbol sala en los estudiantes de tercero de secundaria del Liceo en Artes Julio Cesar de Jesus Asencio, distrito educativo 04-02, año escolar 2023-2024 /cFranklin Rafael Pérez Sosa. aSan Cristóbal :bUASD,c2024. a68,[10], h. :bil. aTesis y Trabajo de Grado (Maestría en Gestión de Educación Física y Deporte)--Universidad Autónoma de Santo Domingo, San Cristóbal, 2024. aIncluye referencias bibliográficas y anexos. 960686aTesis y disertaciones académicas (Universidad Autónoma de Santo Domingo) 2clcTn1 c13329d13329